Graduale Magistri Wenceslai = Graduál Mistra Václava /
| Hlavní autor: | Svatoš, Michal, 1947- |
|---|---|
| Další autoři: | Neubert, Ladislav, 1927- |
| Jazyk: | Ruština Němčina Francouzština Čeština Angličtina |
| Vydáno: |
Praha : Univerzita Karlova, 1986 |
| Vydání: | 2., rozš. vyd. |
| Edice: |
Knižnice Archivu Univerzity Karlovy
|
| Témata: | |
| Fyzický popis: |
[18] s. : [26] s. barev. fot. ; 22 cm |
| Language note: |
Anglický, francouzský, německý a ruský text |
|
| LEADER | 01337nam a22003732a 4500 | ||
|---|---|---|---|
| 001 | 000828294 | ||
| 003 | CZ BrMZK | ||
| 005 | 20210923121514.0 | ||
| 007 | ta | ||
| 008 | 061010s1986 xr af er|||||||||||cze d | ||
| 015 | |a cnb000031469 | ||
| 020 | |q (Brož.) : |c 17,50 | ||
| 040 | |a ABA001 |b cze |d ABA001 |d BOA001 | ||
| 041 | 0 | |a cze |a eng |a fre |a ger |a rus | |
| 080 | |a 091.2 |2 undef | ||
| 080 | |a 264 |2 undef | ||
| 100 | 1 | |a Svatoš, Michal, |d 1947- |7 jk01121869 |4 aut | |
| 245 | 1 | 0 | |a Graduale Magistri Wenceslai = |b Graduál Mistra Václava / |c Michal Svatoš ; Fot. Ladislav Neubert ; Obálka a graf. úprava Jaroslav Příbramský |
| 246 | 3 | 1 | |a Graduál Mistra Václava |
| 250 | |a 2., rozš. vyd. | ||
| 260 | |a Praha : |b Univerzita Karlova, |c 1986 |e (Turnov : |f SG) | ||
| 300 | |a [18] s. : |b [26] s. barev. fot. ; |c 22 cm | ||
| 490 | 1 | |a Knižnice Archivu Univerzity Karlovy ; |v 18 | |
| 500 | |a 3230 výt. | ||
| 504 | |a Obsahuje bibliografii | ||
| 546 | |a Anglický, francouzský, německý a ruský text | ||
| 700 | 1 | |a Neubert, Ladislav, |d 1927- |7 jk01090019 |4 ill | |
| 830 | 0 | |a Knižnice Archivu Univerzity Karlovy |0 s | |
| 910 | |a BOA001 |b 2-0931.664 | ||
| 964 | |a Graduale Magistri Wenceslai | ||
| 990 | |a BK | ||
| 995 | |a 01 | ||
| 991 | |b 200610 | ||
| 996 | 6 | |b 2619335619 |c 2-0931.664 |l MZK |r Sklad / do 1 hodiny |n 1 |w 000828294 |u 000010 |a 1 |e BOA001 |j MZK50 |s P | |
English
Čeština 